Statistics for Guess The Eras Tour Moment

Click here to take the quiz!

General Stats

  • This quiz has been taken 62 times
  • The average score is 15 of 16

Answer Stats

Answer% Correct
Lover
100%
22
98%
Enchanted
98%
Fearless
98%
The Man
98%
Karma
96%
Blank Space
94%
Bad Blood
92%
Don't Blame Me
92%
Look What You Made Me Do
92%
Willow
92%
Cruel Summer
91%
Long Live
91%
Champagne Problems
89%
Style
89%
Illicit Affairs
79%

Score Distribution

Percentile by Number Answered

Percent of People with Each Score

Your Score History

You have not taken this quiz